Ảnh hưởng của bón vôi và quản lý nước tưới đến sự hấp thu asen và cadimi trên lúa, bắp, đậu xanh ở huyện An Phú, tỉnh An Giang (Luận văn thạc sĩ. Ngành khoa học môi trường)

Tìm hiểu ảnh hưởng của bón vôi và quản lý nước tưới đến sự hấp thu asen và cadimi trên lúa, bắp, đậu xanh ở huyện An Phú, tỉnh An Giangđồng thời đánh giá biện pháp tưới ngập khô luân phiên và bón vôi đến sự giảm hút thu cadimi và asen...

Ausführliche Beschreibung

Gespeichert in:
Bibliographische Detailangaben
1. Verfasser: Phạm, Trung Hiền
Format: Buch
Sprache:Undetermined
Veröffentlicht: Cần Thơ Đại học Cần Thơ 2014
Schlagworte:
Tags: Tag hinzufügen
Keine Tags, Fügen Sie den ersten Tag hinzu!
Thư viện lưu trữ: Trung tâm Học liệu Trường Đại học Cần Thơ
LEADER 01290nam a2200229Ia 4500
001 CTU_197719
008 210402s9999 xx 000 0 und d
082 |a 633.1 
082 |b H305 
088 |a 60440301 
100 |a Phạm, Trung Hiền 
245 0 |a Ảnh hưởng của bón vôi và quản lý nước tưới đến sự hấp thu asen và cadimi trên lúa, bắp, đậu xanh ở huyện An Phú, tỉnh An Giang 
245 0 |b (Luận văn thạc sĩ. Ngành khoa học môi trường) 
245 0 |c Phạm Trung Hiền ; Ngô Ngọc Hưng (Người hướng dẫn) 
260 |a Cần Thơ 
260 |b Đại học Cần Thơ 
260 |c 2014 
520 |a Tìm hiểu ảnh hưởng của bón vôi và quản lý nước tưới đến sự hấp thu asen và cadimi trên lúa, bắp, đậu xanh ở huyện An Phú, tỉnh An Giangđồng thời đánh giá biện pháp tưới ngập khô luân phiên và bón vôi đến sự giảm hút thu cadimi và asen trên cây trồng. 
650 |a Ngũ cốc 
650 |x Chất lượng đất 
910 |a Nguyên 
980 |a Trung tâm Học liệu Trường Đại học Cần Thơ